00768nam a22002537a 450000100060000000300080000600500170001400800410003103500140007204000180008604100080010404200100011208200240012210000310014624500390017726000370021630000330025350000200028665000280030665000190033494200120035399900170036595201320038274553BD-RjUL20211209082553.0190216s1905 njua ai 001 0 eng  a(BD-RjUL) aDLCcDLCbeng aeng alcode 223a304.2bPHI 19051 aPhillips, L. March9224139 aIn the desert /cL. March Phillips aLondon :bEdward Arnold,cc1905. axvi ,288 p.:c23 cm.bill. ; aIncludes index. aHuman geography9228326 aDeserts933781 2ddccBK c74553d74553 00102ddc40718NFICaRUCLbRUCLcReadingd1965-01-14edakag5.09l0o304.2 PHI 1905r2019-02-17 00:00:00tC-1w2019-02-17yBK